موسوعة الأحجار الكريمة و المعادن النفيسة / (رقم التسجيلة. 117229)
[ عرض عادي ]
| 000 -LEADER | |
|---|---|
| fixed length control field | 00524nam a22001697a 4500 |
| 005 - DATE AND TIME OF LATEST TRANSACTION | |
| control field | 20251108174744.0 |
| 008 - FIXED-LENGTH DATA ELEMENTS--GENERAL INFORMATION | |
| fixed length control field | 250721s9999 xx 000 0 ara d |
| 082 14 - DEWEY DECIMAL CLASSIFICATION NUMBER | |
| Classification number | 673.2/شقر |
| 100 1# - MAIN ENTRY--PERSONAL NAME | |
| Personal name | شقران، إيمان أمين |
| Relator term | مؤلف |
| 245 10 - TITLE STATEMENT | |
| Title | موسوعة الأحجار الكريمة و المعادن النفيسة / |
| 264 ## - PRODUCTION, PUBLICATION, DISTRIBUTION, MANUFACTURE, AND COPYRIGHT NOTICE | |
| Name of producer, publisher, distributor, manufacturer | مكتبة جزيرة الورد، |
| 300 ## - PHYSICAL DESCRIPTION | |
| Extent | 328ص. |
| 650 17 - SUBJECT ADDED ENTRY--TOPICAL TERM | |
| Topical term or geographic name as entry element | المعادن النفيسة |
| 650 17 - SUBJECT ADDED ENTRY--TOPICAL TERM | |
| Topical term or geographic name as entry element | المجوهرات |
| 942 ## - ADDED ENTRY ELEMENTS (KOHA) | |
| Source of classification or shelving scheme | Dewey Decimal Classification |
| Koha item type | كتب |
| حالة السحب | حالة الفقدان | مصدر التصنيف | حالة التلف | غير قابل للإعارة | المكتبة الرئيسية | المكتبة الحالية | موقع الرف | تاريخ التزويد | الرقم المتسلسل | Total Checkouts | رقم الإستدعاء | الباركود | تاريخ آخر ظهور | تاريخ الفاتورة | نوع المادة (كوها) |
|---|---|---|---|---|---|---|---|---|---|---|---|---|---|---|---|
| Dewey Decimal Classification | مكتبة أبو علندا العامة | مكتبة أبو علندا العامة | الإعارة | 18/07/2009 | 1306750 | 673.2/شقر | PLD00102452 | 28/07/2025 | 18/07/2009 | كتب | |||||
| Dewey Decimal Classification | مكتبة الأميرة ايمان العامة | مكتبة الأميرة ايمان العامة | الإعارة | 18/07/2009 | 1306751 | 673.2/شقر | PLD00102451 | 28/07/2025 | 18/07/2009 | كتب | |||||
| Dewey Decimal Classification | مكتبة وادي السير العامة | مكتبة وادي السير العامة | الإعارة | 18/07/2009 | 1306755 | 673.2/شقر | PLD00102447 | 28/07/2025 | 18/07/2009 | كتب | |||||
| Dewey Decimal Classification | مكتبة ومركز فرح | مكتبة ومركز فرح | الإعارة | 18/07/2009 | 1306758 | 673.2/شقر | PLD00102444 | 28/07/2025 | 18/07/2009 | كتب |